000 00756nam a2200253 i 4500
001 bg
245 7 0 _aThe Cambridge guide to literature in English /
_c[edited by] Ian Ousby ; foreword by Dorris Lessing.
250 _a[Wyd.2].
260 _aCambridge :
_bCambridge Univ. Press,
_c1993.
300 _a[11], 1054, [1] s. :
_bfot. ;
_c25 cm.
650 9 _aLiteratury anglojęzyczne
650 9 _aLiteratura amerykańska
_xbiografie
650 9 _aLiteratura angielska
_xbiografie
655 _aSłowniki
700 1 _aOUSBY, Ian.
_eRed.
700 1 _aLESSING, Doris.
_ePrzedm.
020 _a0521440866
040 _cBPK
041 0 _aen
080 _a820(03)
920 _a0-521-440866
942 _cKS
008 s pl f |000 0 pol
999 _c30258
_d30258
856 _uhttp://koha.tu.koszalin.pl/cgi-bin/koha/opac-detail.pl?biblionumber=30258
_yKatalog online BPK